| 000 | 00767nam a2200289Ia 4500 | ||
|---|---|---|---|
| 001 | Z_4343 | ||
| 003 | CHAP | ||
| 008 | 220113s1984 xx 000 0 und d | ||
| 010 | _a167413 | ||
| 040 | _cCHAP | ||
| 090 | _aFolleto 235 | ||
| 100 |
_aCentro de Investigación Pecuarias del Estado de Sonora _9141588 |
||
| 245 |
_a¿Qué tan importante es un semental en el rancho? / _cpor CIPES |
||
| 260 |
_aCarbo, Sonora : _bEl centro, _c1984 |
||
| 300 | _a13 p. ; ilus. | ||
| 440 |
_aRancho; 2 (18) _9141607 |
||
| 500 | _a | ||
| 503 | _a | ||
| 650 |
_aGanado vacuno _xFecundidad I. t. _9141608 |
||
| 650 |
_aGanado vacuno _xReproducción _945510 |
||
| 901 | _aFolleto 235 | ||
| 902 | _aA | ||
| 910 | _a1984 | ||
| 942 | _cc14 | ||
| 942 | _cc14 | ||
| 999 |
_c167413 _d167413 |
||